000 00633nam a2200193Ia 4500
003 GCL
008 140319s9999 xx 000 0 ara d
020 _a0019209960
040 _aGCL /
_cGCL
082 0 4 _a613.2
_bب ن
100 1 _aبوش ، فيليشيا
245 1 0 _aنظام الغذاء الجديد :
_bمن اضداد المؤكسدات الى اليقطين /
_cبوش ، فيليشيا
260 _aالرياض :
_bمكتبة العبيكان ،
_c2001
300 _a480 ص ؛
_c24 سم
650 0 4 _aالفيتامينات
650 0 4 _aالاغذية
650 0 4 _aالاعشاب - اغذية
942 _2ddc
_cBK
999 _c5149
_d5149